| 000 | 00000nam##2200000za#4500 |
| 001 | 9.697837 |
| 003 | CaOODSP |
| 005 | 20210624235646 |
| 007 | cr ||||||||||| |
| 008 | 150407|1995||||xxc|||||o f|0| 0 eng|d |
| 040 | |aCaOODSP|beng |
| 043 | |an-cn--- |
| 086 | 1 |aRH64-47/1995E-PDF |
| 110 | 1 |aCanada.|bHuman Resources Development Canada. |bStrategic Policy. |
| 245 | 14|aThe U.S. experience with streamlining and integrating UI delivery networks : |h[electronic resource]|ban evaluation synthesis / |cby Marilyn Knock. |
| 260 | |aOttawa - Ontario : |bHuman Resources Development Canada. |c23 May 1995. |
| 300 | |a21p.|btable |
| 590 | |a13-12-Supp|b2013-05-10 |
| 690 | 07|aEmployment insurance|2gcpds |
| 775 | 08|tExpérience des États-Unis relativement à la rationalisation et à l'intégration des systèmes de prestation de l'assurance-chômage : |w(CaOODSP)9.641839 |
| 856 | 40|ahttp://publications.gc.ca|qPDF|s90 KB|uhttps://publications.gc.ca/collections/collection_2013/rhdcc-hrsdc/RH64-47-1995-eng.pdf |